000 nam a22 7a 4500
999 _c128298
_d128298
008 181003b xxu||||| |||| 00| 0 eng d
050 _aBX2179.L7 S9
100 _aMejia, Rodrigo (ed.)
_942714
245 _aMazoezi ya Kiroho ya Mt Inyasi wa Loyola
_ctranslated by Stephen Msele SJ, Amedeus ShirimaSJ, Gabriel Mmassi SJ, Thadei Mwereke SJ, and Sabas Masawe SJ
260 _aNairobi
_bSt Joseph Press
_c1995
300 _a131p.
_c23cm.
650 _aSpriritual exercises
_xSwahili
_942715
700 _aServier, Janelle
_eed.
_942716
942 _2lcc
_cMONOGRAPH